Statistics for Premier League Player of the month 21/22

Click here to take the quiz!

General Stats

  • This quiz has been taken 44 times
    (17 since last reset)
  • The average score is 16 of 27

Answer Stats

MonthAwardClubAnswer% Correct
SeptemberPOTMMan UnitedCristiano Ronaldo
94%
AprilPOTMMan UnitedCristiano Ronaldo
94%
MarchGOTMMan UnitedCristiano Ronaldo
94%
MarchPOTMTottenhamHarry Kane
94%
AugustPOTMWest HamMichail Antonio
81%
OctoberPOTMLiverpoolMohamed Salah
81%
OctoberGOTMLiverpoolMohamed Salah
81%
AugustGOTMAston VillaDanny Ings
75%
JanuaryPOTMMan UnitedDavid De Gea
63%
DecemberPOTMMan CityRaheem Sterling
63%
SeptemberMOTMArsenalMikel Arteta
56%
MarchMOTMArsenalMikel Arteta
56%
DecemberMOTMMan CityPep Guardiola
56%
NovemberMOTMMan CityPep Guardiola
56%
OctoberMOTMChelseaThomas Tuchel
56%
DecemberGOTMArsenalAlexandre Lacazette
50%
FebruaryMOTMNewcastleEddie Howe
50%
AugustMOTMTottenhamNuno Espirito Santo
50%
NovemberPOTMLiverpoolTrent Alexander-Arnold
50%
FebruaryGOTMCrystal PalaceWilfried Zaha
50%
FebruaryPOTMLiverpoolJoel Matip
44%
AprilMOTMBurnleyMike Jackson
44%
NovemberGOTMMan CityRodri
44%
JanuaryMOTMWolvesBruno Lage
38%
JanuaryGOTMChelseaMateo Kovacic
38%
AprilGOTMNewcastleMiguel Almiron
38%
SeptemberGOTMEvertonAndros Townsend
31%

Score Distribution

Percentile by Number Answered

Percent of People with Each Score

Your Score History

You have not taken this quiz since the last reset